MARC details
| 000 -CABECERA |
| campo de control de longitud fija |
01590nam a2200289 a 4500 |
| 001 - NÚMERO DE CONTROL |
| campo de control |
000023830 |
| 005 - FECHA Y HORA DE LA ÚLTIMA TRANSACCIÓN |
| campo de control |
20240425124717.0 |
| 008 - DATOS DE LONGITUD FIJA--INFORMACIÓN GENERAL |
| campo de control de longitud fija |
110114s1992 dr 000 0 spa d |
| 040 ## - FUENTE DE LA CATALOGACIÓN |
| Centro catalogador/agencia de origen |
DO-SdBNP |
| Lengua de catalogación |
spa |
| Centro/agencia transcriptor |
BNPHU |
| 082 ## - NÚMERO DE LA CLASIFICACIÓN DECIMAL DEWEY |
| Número de clasificación |
306.362 |
| Número de documento/Ítem |
L768p |
| 100 1# - ENTRADA PRINCIPAL--NOMBRE DE PERSONA |
| Nombre de persona |
Liriano, Alejandro |
| 9 (RLIN) |
49040 |
| 245 13 - MENCIÓN DE TÍTULO |
| Título |
El papel de la mujer de origen africano en el Santo Domingo colonial : |
| Resto del título |
siglos XVI-XVII / |
| Mención de responsabilidad, etc. |
Alejandro Liriano. |
| 260 ## - PUBLICACIÓN, DISTRIBUCIÓN, ETC. |
| Lugar de publicación, distribución, etc. |
Santo Domingo : |
| Nombre del editor, distribuidor, etc. |
CIPAC, |
| Fecha de publicación, distribución, etc. |
1992. |
| 300 ## - DESCRIPCIÓN FÍSICA |
| Extensión |
77 P. ; |
| Dimensiones |
22 cm. |
| 490 1# - MENCIÓN DE SERIE |
| Mención de serie |
Concurso de Investigación |
| 500 ## - NOTA GENERAL |
| Nota general |
Incluye referencias bibliográficas y notas al pie de páginas. |
| 504 ## - NOTA DE BIBLIOGRAFÍA, ETC. |
| Nota de bibliografía, etc. |
Bibliografía: p. 75-77. |
| 505 0# - NOTA DE CONTENIDO CON FORMATO |
| Información miscelánea |
Introducción -- |
| Título |
La esclavitud colonial y la necesidad de fuerza de trabajo africana -- |
| -- |
Demanda de mujeres en las solicitudes de esclavos africanos -- |
| -- |
Valor de las mujeres de África: razón que explica el bajo número de las mismas durante la trata de esclavos -- |
| -- |
Peso de la legislación colonial sobre las mujeres de origen africano -- |
| -- |
Los oficios de las mujeres africanas en Santo Domingo -- |
| Información miscelánea |
A manera de conclusión -- |
| -- |
Anexos -- |
| -- |
Bibliografía mínima. |
| 590 ## - NOTA LOCAL (RLIN) |
| Nota local |
Inventariado, 2018/MFF |
| 650 #4 - PUNTO DE ACCESO ADICIONAL DE MATERIA--TÉRMINO DE MATERIA |
| Término de materia o nombre geográfico como elemento de entrada |
Mujeres esclavas |
| 9 (RLIN) |
30640 |
| 650 #0 - PUNTO DE ACCESO ADICIONAL DE MATERIA--TÉRMINO DE MATERIA |
| Término de materia o nombre geográfico como elemento de entrada |
Mujeres en República Dominicana |
| 9 (RLIN) |
2066 |
| 650 #4 - PUNTO DE ACCESO ADICIONAL DE MATERIA--TÉRMINO DE MATERIA |
| Término de materia o nombre geográfico como elemento de entrada |
Mujeres negras |
| Subdivisión geográfica |
República Dominicana |
| Subdivisión general |
Histora |
| Subdivisión cronológica |
GOBIERNO COLONIAL ESPAÑOL, 1511-1795 |
| 9 (RLIN) |
45539 |
| 650 #0 - PUNTO DE ACCESO ADICIONAL DE MATERIA--TÉRMINO DE MATERIA |
| Término de materia o nombre geográfico como elemento de entrada |
Esclavitud |
| 9 (RLIN) |
13499 |
| 710 2# - PUNTO DE ACCESO ADICIONAL--NOMBRE DE ENTIDAD CORPORATIVA |
| Nombre de entidad corporativa o nombre de jurisdicción como elemento de entrada |
Centro de Investigación para la Acción Femenina (República Dominicana) |
| 9 (RLIN) |
22613 |
| 830 #0 - PUNTO DE ACCESO ADICIONAL DE SERIE-TÍTULO UNIFORME |
| Título uniforme |
Concurso de Investigación |
| 9 (RLIN) |
17933 |
| 910 ## - DATOS DE OPCIÓN DEL USUARIO (OCLC) |
| Datos de opción del usuario |
Validado. Control de calidad EMS |